| 000 | 00532nam a2200157 a 4500 | ||
|---|---|---|---|
| 001 | 000033175 | ||
| 005 | 20200930070057.0 | ||
| 008 | 110818s1922 dr 000 0 spa d | ||
| 040 |
_aDO-SdBNP _bspa _cBNPHU |
||
| 100 | 1 |
_aColsón, Jayme _936520 |
|
| 245 | 1 | 3 |
_aLa gran rapsodia : _bensayos de crítica social / _cJayme Colsón ; prólogo Federico Climent Terrer,. |
| 260 |
_aPuerto Plata, República Dominicana : _b[s.n. ], _c1922. |
||
| 300 |
_a299 p. ; _c19 cm. |
||
| 700 | 1 |
_aTerrer, Federico Climent _epról. _958816 |
|
| 049 | _aBNPD | ||
| 999 |
_c32666 _d32666 |
||